000 nam a22 7a 4500
999 _c8990
_d8990
005 20200417064520.0
008 200417b xxu||||| |||| 00| 0 eng d
020 _a9780071492393
_bhard bound
040 _beng
_cAPEC Schools Library
_erda
082 _aC 158
_bB456h 2017
100 _aBen-Shahar, Tal
245 _aHappier /
_cTal Ben-Shahar
264 _aNew York :
_bMcGraw Hill,
_c©2007.
300 _a192 pages ;
336 _2rdacontent
_atext
337 _2rdamedia
_aunmediated
338 _2rdacarrier
_avolume
504 _aIncludes bibliographical references and index.
650 _aHappiness.
942 _2ddc
_cNFIC